Statistiques concernant Les règnes de la biologie

Cliquez ici pour prendre le quiz!

Statistiques générales

  • Ce quiz a été pris 62 fois
  • Le résultat moyen est 4 sur 7

Statistiques - réponses

Réponse% Correct
Animaux
93%
Champignons
77%
Bactéries
75%
Plantes
65%
Archées
58%
Protozoaires
25%
Chromista
9%

Distribution des résultats

Percentile par nombre de réponses

% des personnes avec chaque résultat

Votre développement - résultats

Vous n’avez pas pris ce quiz